Normal view
MARC view
Entry Personal Name
001 - CONTROL NUMBER
- control field: 41167
003 - CONTROL NUMBER IDENTIFIER
- control field: dpl
005 - DATE AND TIME OF LATEST TRANSACTION
- control field: 20120208121916.0
008 - FIXED-LENGTH DATA ELEMENTS
- fixed length control field: 120208|||a|||||| | ||| d
040 ## - CATALOGING SOURCE
- Original cataloging agency: dpl
- Transcribing agency: dpl
100 ## - HEADING--PERSONAL NAME
- Personal name: स्पैन्योली, कैथी
670 ## - SOURCE DATA FOUND
- Source citation: Work cat.: (dpl)62247: स्पैन्योली, कैथी, सिरी की मुस्कानः, 2008
670 ## - SOURCE DATA FOUND
- Source citation: Work cat.: (dpl)62247: स्पैन्योली, कैथी, सिरी की मुस्कानः, 2008
